书目信息 |
| 题名: |
农村信息化与数字农业
|
|
| 作者: | 李道亮 主编 | |
| 分册: | ||
| 出版信息: | 北京 中国建筑工业出版社 2010.07 |
|
| 页数: | 319页 | |
| 开本: | 20cm | |
| 丛书名: | ||
| 单 册: | ||
| 中图分类: | F320.3 | |
| 科图分类: | ||
| 主题词: | 农业经济--中国 | |
| 电子资源: | ||
| ISBN: | 978-7-112-11720-8 | |
| 000 | 00583nam0 2200193 45 | |
| 001 | 1939942434 | |
| 005 | 20191030110725.52 | |
| 010 | @a978-7-112-11720-8@dRMB 24.00 | |
| 100 | @a20191030d2010 km y0chiy0120 ea | |
| 101 | 0 | @achi |
| 102 | @aCN@b110000 | |
| 200 | 1 | @a农村信息化与数字农业@Anong cun xin xi hua yu shu zi nong ye@f李道亮主编@Fli dao liang zhu bian |
| 210 | @a北京@c中国建筑工业出版社@d2010.07 | |
| 215 | @a319页@d20cm | |
| 606 | 0 | @a农业经济@x中国 |
| 690 | @aF320.3@v4 | |
| 701 | 0 | @a李道亮@Ali dao liang@4主编 |
| 801 | 0 | @aCN@bPFT@c20191030 |
| 905 | @a10447@dF320.3@eL143 | |
| 农村信息化与数字农业/李道亮主编.-北京:中国建筑工业出版社,2010.07 |
| 319页;20cm |
| ISBN 978-7-112-11720-8:RMB 24.00 |
| ● |
| 相关链接 |
|
|
|
正题名:农村信息化与数字农业
索取号:F320.3/L143
 
预约/预借
| 序号 | 登录号 | 条形码 | 馆藏地/架位号 | 状态 | 备注 |
| 1 | 1456004 | 214560045 | 社科库409/409社科库 33排1列3层/ [索取号:F320.3/L143] | 在馆 | |
| 2 | 1456005 | 214560054 | 社科库409/409社科库 33排1列3层/ [索取号:F320.3/L143] | 在馆 | |
| 3 | 1456006 | 214560063 | 社科库409/409社科库 33排1列3层/ [索取号:F320.3/L143] | 在馆 |